Nociones básicas de derechos laborales
Presenta las nociones básicas sobre derechos laborales, dirigidas a las personas trabajadoras con el fin de que los conozcan y a los lugares que deben acudir para hacerlos exigibles en caso de ser lesionados. Es material de apoyo para el abordaje en el conocimiento y evitación de las transgresiones...
Guardado en:
| Autor Corporativo: | |
|---|---|
| Formato: | Desconocido |
| Lenguaje: | Spanish |
| Publicado: |
Costa Rica :
Defensoria de los Habitantes (Costa Rica). Direcciónde Promoción y Divulgación
|
| Materias: | |
| Etiquetas: |
Agregar Etiqueta
Sin Etiquetas, Sea el primero en etiquetar este registro!
|
MARC
| LEADER | 00000 a2200000 04500 | ||
|---|---|---|---|
| 001 | 41938 | ||
| 003 | cru IIS | ||
| 005 | 20220314153327.0 | ||
| 008 | 050702s2010 cr spa d | ||
| 040 | |c CRAI | ||
| 090 | |a 1001 D313n | ||
| 110 | |a Defensoria de los Habitantes (Costa Rica) | ||
| 245 | |a Nociones básicas de derechos laborales | ||
| 260 | |a Costa Rica : |b Defensoria de los Habitantes (Costa Rica). Direcciónde Promoción y Divulgación | ||
| 520 | |a Presenta las nociones básicas sobre derechos laborales, dirigidas a las personas trabajadoras con el fin de que los conozcan y a los lugares que deben acudir para hacerlos exigibles en caso de ser lesionados. Es material de apoyo para el abordaje en el conocimiento y evitación de las transgresiones a la normativa por parte de los patronos; así como para evitar la afectación a los trabajadores dentro de la institucionalidad . RAR 21/01/22 | ||
| 650 | 0 | |2 UNESCO |9 10303 |a DERECHO LABORAL | |
| 650 | 0 | |2 UNESCO |9 4804 |a CONFLICTOS LABORALES | |
| 650 | 0 | |2 UNESCO |9 2799 |a RELACIONES LABORALES | |
| 651 | 0 | |2 OCDE |9 32 |a COSTA RICA | |
| 942 | |2 ddc |c LI | ||
| 999 | |c 15684 |d 15684 | ||
